| 000 | 00609nam a2200157 i 4500 | ||
|---|---|---|---|
| 001 | 156136 | ||
| 003 | ES-MaACL | ||
| 005 | 20250820100133.0 | ||
| 008 | 931025s1855 sp |||| | spa d | ||
| 245 | 0 | 0 |
_aNulidad de la definición dogmática de su santidad Pio IX acerca del misterio de la Inmaculada Concepción / _c[J. J. y T.]. |
| 260 |
_aMadrid : _b[s.n.], _c1855 ( _fEstablecimiento Tipográfico de La Europa) |
||
| 300 |
_a32 p. ; _c21 cm. |
||
| 650 | 0 | 7 |
_aInmaculada Concepción _2embne _9162762 |
| 852 |
_aES-MaACL _jFol-Laf-417 _z-- Enc. rust. _z-- Legado M. de La Fuente |
||
| 999 |
_c156136 _d156136 |
||